000 00441nam a2200193Ia 4500
005 20250923145301.0
008 008 250917s9999 xx 000 0 eng d
037 _aTextual
040 _aDSWL
_beng
_cDSWL
041 _aeng
_2eng
084 _qDSWL
245 0 _aMan in India
260 _aRanchi
_b18 Church Road
_c1973
365 _aINR
_b15
490 _vVol.53
925 _g15
942 _cTEXL
999 _c1449443
_d1449443